000 00643nam a2200169 a 4500
001 000017004
005 20200929165013.0
008 100312s1990 dr 000 0 spa d
040 _aDO-SdBNP
_bspa
_cBNPHU
082 _axxx
_bE77p
245 0 0 _aPropuesta de reformas presentadas por el Centro Universitario de Estudios Políticos y Sociales de la pontificia Universidad Católica Madre y Maestra /
_ceditor Flavio Dario Espinal Jacobo.
260 _aSantiago, República Dominicana :
_bTaller,
_c1990.
300 _a130 p. ;
_c23 cm.
490 1 _aDocumentos
700 1 _aEspinal Jacobo, Flavio Dario
_eed.
_98478
830 0 _aDocumentos
_91047
999 _c16532
_d16532